[Event "Jack Woodbury mem."]
[Site "Winnipeg CAN"]
[Date "2018.11.06"]
[Round "1.1"]
[White "Klokow, John"]
[Black "Wiebe, Isaac"]
[Result "0-1"]
[WhiteElo "1748"]
[BlackElo "2303"]
[PlyCount "146"]
[EventDate "2018.11.06"]
[EventType "swiss"]
[EventRounds "7"]
[EventCountry "CAN"]

1. e4 e6 2. d4 d5 3. Nd2 Nf6 4. e5 Nfd7 5. Bd3 c5 6. c3 Nc6 7. Ne2 cxd4 8. cxd4
f6 9. exf6 Nxf6 10. O-O Bd6 11. Nf3 Qc7 12. Bg5 O-O 13. Bh4 Nh5 14. Bg3 Nxg3
15. Nxg3 g6 16. Ne2 Qg7 17. Qd2 Rxf3 18. gxf3 Nxd4 19. Nxd4 Qxd4 20. Rfd1 Qh4
21. Kf1 e5 22. Bxg6 Bh3+ 23. Ke2 Be6 24. Bf5 Bf7 25. Rg1+ Kf8 26. Rg4 Qf6 27.
Qg5 Qxg5 28. Rxg5 h6 29. Rg2 Ke7 30. Rc1 Kf6 31. Rc8 Rxc8 32. Bxc8 d4 33. b3 b5
34. Bb7 a5 35. Kd3 a4 36. Kc2 h5 37. Bc6 axb3+ 38. axb3 b4 39. Be4 Bf8 40. Rg1
Bh6 41. h4 Bf8 42. Rh1 Bc5 43. Rh2 Bb6 44. Bd3 Bc7 45. Rh1 Bd6 46. Be4 Bc5 47.
Bd3 Bd5 48. Be4 d3+ 49. Bxd3 Bxf3 50. Rh2 e4 51. Bc4 Ke5 52. Kd2 Kf4 53. Ke1
Bd6 54. Be2 Kf5 55. Bxf3 exf3 56. Rh1 Be7 57. Kd2 Bc5 58. Ke1 Kf4 59. Rg1 Be7
60. Rh1 Bf6 61. Kd2 Bd4 62. Ke1 Ke4 63. Rg1 Kf4 64. Rg5 Bc3+ 65. Kf1 Ke4 66.
Rxh5 Kd3 67. Rd5+ Kc2 68. Rf5 Kxb3 69. h5 Kc4 70. Rxf3 b3 71. Rxc3+ Kxc3 72. h6
b2 73. h7 b1=Q+ 0-1

[Event "Jack Woodbury mem."]
[Site "Winnipeg CAN"]
[Date "2018.11.06"]
[Round "1.2"]
[White "Baron, Gustav"]
[Black "Letain, Cory"]
[Result "1/2-1/2"]
[WhiteElo "2254"]
[BlackElo "1691"]
[PlyCount "65"]
[EventDate "2018.11.06"]
[EventType "swiss"]
[EventRounds "7"]
[EventCountry "CAN"]

1. d4 Nf6 2. Bg5 Ne4 3. h4 c5 4. c3 Qa5 5. Nf3 d5 6. e3 Bg4 7. Nbd2 cxd4 8.
exd4 Nc6 9. Bd3 e6 10. Bxe4 dxe4 11. Nxe4 Qf5 12. Ned2 Bd6 13. Nc4 Bc7 14. Ne3
Qe4 15. Nd2 Bxd1 16. Nxe4 Bh5 17. Nc4 f6 18. Bxf6 Bg6 19. Bxg7 Rg8 20. Ned6+
Kd7 21. Be5 Bd3 22. Kd2 Bxc4 23. Nxc4 Rxg2 24. Bxc7 Kxc7 25. Ke3 Rf8 26. Raf1
Ne7 27. Nd2 Nf5+ 28. Kd3 Nh6 29. f3 Nf5 30. Rfg1 Rfg8 31. Rxg2 Rxg2 32. Re1
Nxh4 33. Rh1 1/2-1/2

[Event "Jack Woodbury mem."]
[Site "Winnipeg CAN"]
[Date "2018.11.06"]
[Round "1.3"]
[White "Czarny, Keith"]
[Black "Wolchock, Theo"]
[Result "0-1"]
[WhiteElo "1660"]
[BlackElo "2172"]
[PlyCount "50"]
[EventDate "2018.11.06"]
[EventType "swiss"]
[EventRounds "7"]
[EventCountry "CAN"]

1. Nf3 Nf6 2. b3 d5 3. Bb2 c5 4. g3 Nc6 5. Bg2 e6 6. O-O Be7 7. d3 O-O 8. Nbd2
b5 9. a3 Bb7 10. c4 bxc4 11. bxc4 d4 12. Rb1 Qc7 13. Qc2 Rab8 14. Ba1 e5 15.
Rb2 Nd7 16. Rfb1 Ba8 17. Ne1 f5 18. Rxb8 Rxb8 19. Rxb8+ Qxb8 20. Qb3 Qc7 21.
Qb5 Bb7 22. Nc2 Bg5 23. Nb3 a6 24. Qa4 Nb6 25. Bd5+ Kh8 0-1

[Event "Jack Woodbury mem."]
[Site "Winnipeg CAN"]
[Date "2018.11.06"]
[Round "1.4"]
[White "Babb, Jeff"]
[Black "Remillard, John"]
[Result "0-1"]
[WhiteElo "2165"]
[BlackElo "1617"]
[PlyCount "82"]
[EventDate "2018.11.06"]
[EventType "swiss"]
[EventRounds "7"]
[EventCountry "CAN"]

1. f4 d5 2. Nf3 c5 3. e3 a6 4. Be2 Nf6 5. O-O Nc6 6. d3 b5 7. b3 g6 8. Bb2 Bg7
9. Ne5 Bb7 10. Nd2 O-O 11. a4 Nxe5 12. Bxe5 Nd7 13. Bxg7 Kxg7 14. Nf3 Qb6 15.
Qd2 Bc6 16. a5 Qc7 17. d4 f6 18. c4 e6 19. Rac1 dxc4 20. bxc4 b4 21. d5 exd5
22. cxd5 Bb5 23. Bxb5 axb5 24. Nd4 Qxa5 25. Ne6+ Kf7 26. Nxc5 Nxc5 27. Rxc5
Rfc8 28. Rc6 Rxc6 29. dxc6 Rd8 30. Qc2 Qa3 31. Re1 b3 32. Qc3 Qa2 33. c7 Rc8
34. Qc6 Qd2 35. Kf1 b2 36. Qxb5 Rxc7 37. Qb3+ Kg7 38. g4 Qxe1+ 39. Kxe1 Rc1+
40. Kd2 b1=Q 41. Qxb1 Rxb1 0-1

[Event "Jack Woodbury mem."]
[Site "Winnipeg CAN"]
[Date "2018.11.06"]
[Round "1.5"]
[White "Proulx, Roy"]
[Black "Pramanik, Projjwal"]
[Result "1-0"]
[WhiteElo "1616"]
[BlackElo "2123"]
[PlyCount "89"]
[EventDate "2018.11.06"]
[EventType "swiss"]
[EventRounds "7"]
[EventCountry "CAN"]

1. e4 Nf6 2. Nc3 d5 3. exd5 Nxd5 4. d4 Nc6 5. Nxd5 Qxd5 6. Nf3 Bg4 7. c3 Bxf3
8. Qxf3 Qxf3 9. gxf3 O-O-O 10. f4 e6 11. Be3 Bd6 12. Rg1 g6 13. O-O-O Ne7 14.
c4 c6 15. Bg2 Bc7 16. Rge1 Rhe8 17. b4 Bd6 18. a3 a5 19. c5 Bc7 20. Kc2 Nd5 21.
Bxd5 Rxd5 22. Kd3 Red8 23. Ke4 a4 24. Kf3 e5 25. fxe5 Bxe5 26. Ke4 f5+ 27. Kf3
Bxd4 28. Bg5 Bc3 29. Rxd5 Rxd5 30. Re8+ Kc7 31. Re7+ Rd7 32. Re8 Bd2 33. Bf6 b5
34. Be5+ Kb7 35. Rb8+ Ka7 36. Rb6 Bc1 37. Rxc6 Bxa3 38. Rb6 Bxb4 39. Bb8+ Ka8
40. c6 Rd3+ 41. Ke2 Rd2+ 42. Kf3 Rc2 43. Be5 Rxf2+ 44. Kg3 Rc2 45. Ra6# 1-0

[Event "Jack Woodbury mem."]
[Site "Winnipeg CAN"]
[Date "2018.11.06"]
[Round "1.6"]
[White "Boron, Anthony"]
[Black "Gregoryanz, Philipp"]
[Result "1-0"]
[WhiteElo "2016"]
[BlackElo "1594"]
[PlyCount "87"]
[EventDate "2018.11.06"]
[EventType "swiss"]
[EventRounds "7"]
[EventCountry "CAN"]

1. d4 d5 2. Bf4 Nc6 3. Nf3 Bf5 4. c3 e6 5. e3 Bd6 6. Bb5 Nge7 7. Qa4 Qd7 8.
Nbd2 O-O 9. Ne5 Bxe5 10. Bxe5 f6 11. Bg3 Rfc8 12. O-O e5 13. dxe5 fxe5 14. Bxe5
Qe6 15. Bg3 Qg6 16. Nf3 Bd3 17. Rfd1 Bxb5 18. Qxb5 a6 19. Qd3 Qh5 20. Bf4 Na5
21. Bg5 Nac6 22. Bf4 Qg4 23. h3 Qd7 24. c4 Nb4 25. Qb3 a5 26. a3 Na6 27. cxd5
Nc5 28. Qc4 Na4 29. d6+ Kh8 30. dxe7 Qe8 31. Qe6 Nxb2 32. Ng5 h6 33. Nf7+ Kh7
34. Rd5 c5 35. Rd6 Rc7 36. Qg6+ Kg8 37. Nxh6+ Kh8 38. Nf5 Qxg6 39. Rxg6 Rg8 40.
Bxc7 Nc4 41. Rc1 Nxa3 42. Be5 Kh7 43. Rxg7+ Rxg7 44. Bxg7 1-0

[Event "Jack Woodbury mem."]
[Site "Winnipeg CAN"]
[Date "2018.11.06"]
[Round "1.7"]
[White "Ott, Richard"]
[Black "Cleto, Sam"]
[Result "0-1"]
[WhiteElo "1520"]
[BlackElo "1965"]
[PlyCount "75"]
[EventDate "2018.11.06"]
[EventType "swiss"]
[EventRounds "7"]
[EventCountry "CAN"]

1. d4 Nf6 2. c4 c5 3. e3 e6 4. Nf3 Be7 5. Nc3 O-O 6. Be2 b6 7. O-O Bb7 8. dxc5
bxc5 9. Qc2 a6 10. Rd1 Qc7 11. e4 Nc6 12. a3 d6 13. Bf4 Ne5 14. Nxe5 dxe5 15.
Bg5 Rfd8 16. Bf3 Rd4 17. Rxd4 exd4 18. Ne2 e5 19. Qd3 h6 20. Bxf6 Bxf6 21. Ng3
g6 22. Be2 a5 23. Qf3 Bg7 24. Bd3 Qb6 25. Qe2 Rb8 26. h4 h5 27. Nf1 Bc8 28. Rb1
Qf6 29. Qd2 Qd8 30. Qg5 Bf6 31. Qg3 Rb3 32. Nd2 Bxh4 33. Qxe5 Rxd3 34. Nf3 Rxf3
35. gxf3 Qg5+ 36. Qxg5 Bxg5 37. Kf1 Ba6 38. b3 0-1

[Event "Jack Woodbury mem."]
[Site "Winnipeg CAN"]
[Date "2018.11.06"]
[Round "1.8"]
[White "Rutter, Blair"]
[Black "Leaden, Bruce"]
[Result "1/2-1/2"]
[WhiteElo "1942"]
[BlackElo "1519"]
[PlyCount "128"]
[EventDate "2018.11.06"]
[EventType "swiss"]
[EventRounds "7"]
[EventCountry "CAN"]

1. c4 e6 2. g3 f5 3. Bg2 Nf6 4. Nc3 Be7 5. d3 O-O 6. Nf3 Nc6 7. a3 Qe8 8. Nb5
Bd8 9. b4 a6 10. Nc3 d5 11. Qb3 Kh8 12. b5 Na5 13. Qb4 axb5 14. cxb5 Be7 15.
Qb2 Nd7 16. O-O Bf6 17. Bg5 Qe7 18. Bxf6 Qxf6 19. Qc2 c6 20. a4 c5 21. e3 b6
22. d4 c4 23. Nd2 Nb7 24. Ne2 Nd6 25. f3 Bb7 26. Qc3 Rfe8 27. f4 Qe7 28. h3 Nf6
29. Nf3 Nfe4 30. Qc2 Nf7 31. Kh2 Rec8 32. Nc3 Nxc3 33. Qxc3 Ra5 34. Ra2 Rca8
35. Rfa1 Bc8 36. Nd2 Bd7 37. Nxc4 Rc8 38. Qa3 Qxa3 39. Nxa3 Rxa4 40. Nb1 Rxa2
41. Rxa2 Nd6 42. Rb2 Nc4 43. Rb3 Ra8 44. g4 g6 45. Kg3 Ra5 46. Kf3 Rxb5 47.
Rxb5 Bxb5 48. Nc3 Ba6 49. Na4 Kg7 50. Kf2 Kf6 51. g5+ Kg7 52. Bf1 b5 53. Nc5
Bc8 54. h4 Kf7 55. Bd3 Ke7 56. Ke2 Bd7 57. Bc2 Kd6 58. Bb3 Kc6 59. Kd3 Bc8 60.
Ke2 Nb2 61. Kd2 Nc4+ 62. Bxc4 dxc4 63. Kc3 Kd5 64. Kb4 Kc6 1/2-1/2

[Event "Jack Woodbury mem."]
[Site "Winnipeg CAN"]
[Date "2018.11.06"]
[Round "1.9"]
[White "Gannon, Keith"]
[Black "Green, Jim"]
[Result "0-1"]
[WhiteElo "1514"]
[BlackElo "1907"]
[PlyCount "116"]
[EventDate "2018.11.06"]
[EventType "swiss"]
[EventRounds "7"]
[EventCountry "CAN"]

1. e4 e5 2. Nf3 Nf6 3. Nxe5 d6 4. Nf3 Nxe4 5. Qe2 Qe7 6. d3 Nf6 7. Qxe7+ Bxe7
8. Bg5 h6 9. Bh4 Nc6 10. c3 O-O 11. Be2 Re8 12. O-O Bf5 13. Nbd2 Nd5 14. Bxe7
Rxe7 15. Rfe1 Nf4 16. Bf1 Nxd3 17. Rxe7 Nxe7 18. Bxd3 Bxd3 19. Re1 Kf8 20. Re3
Bf5 21. Nd4 Bd7 22. a3 Re8 23. g3 Nf5 24. Rxe8+ Kxe8 25. Nxf5 Bxf5 26. Kg2 Bd7
27. Kf3 Ke7 28. Ke3 Bc6 29. Kd4 b6 30. Nc4 Bb7 31. Ne3 Ke6 32. h4 h5 33. c4 c5+
34. Kd3 d5 35. cxd5+ Bxd5 36. b4 cxb4 37. axb4 g6 38. Kd4 Bf3 39. Nc4 f6 40.
Nd2 Bd5 41. Nb1 Bb7 42. Nc3 Bc6 43. Na2 g5 44. Nc3 gxh4 45. gxh4 Kf5 46. Ke3
Kg4 47. f4 Kxh4 48. Ne4 Bxe4 49. Kxe4 Kg3 50. f5 h4 51. Kd5 h3 52. Ke6 h2 53.
Kxf6 h1=Q 54. Ke7 Qe4+ 55. Kf6 Qxb4 56. Kg6 Qf8 57. f6 b5 58. f7 b4 0-1

[Event "Jack Woodbury mem."]
[Site "Winnipeg CAN"]
[Date "2018.11.06"]
[Round "1.10"]
[White "Abioye, Yemi"]
[Black "Crawford, Gary"]
[Result "1-0"]
[WhiteElo "1886"]
[BlackElo "1495"]
[PlyCount "53"]
[EventDate "2018.11.06"]
[EventType "swiss"]
[EventRounds "7"]
[EventCountry "CAN"]

1. e4 c5 2. Nf3 e6 3. d4 cxd4 4. Nxd4 Nc6 5. Nc3 a6 6. Be3 Nf6 7. f3 Bb4 8.
Nxc6 Bxc3+ 9. bxc3 bxc6 10. Bg5 h6 11. Bh4 O-O 12. Qd6 g5 13. Bf2 Ne8 14. Qd2
d5 15. h4 f6 16. hxg5 hxg5 17. exd5 Qxd5 18. Bd3 Rf7 19. c4 Qe5+ 20. Kf1 Qxa1+
21. Be1 Qe5 22. g3 Qc7 23. Bg6 Ra7 24. Rh6 Nd6 25. Qh2 f5 26. Rh8+ Kg7 27. Qh6+
1-0

[Event "Jack Woodbury mem."]
[Site "Winnipeg CAN"]
[Date "2018.11.06"]
[Round "1.11"]
[White "Magyar, Peter"]
[Black "Bince, Rolando"]
[Result "0-1"]
[WhiteElo "1480"]
[BlackElo "1846"]
[PlyCount "102"]
[EventDate "2018.11.06"]
[EventType "swiss"]
[EventRounds "7"]
[EventCountry "CAN"]

1. d4 Nf6 2. Bf4 d6 3. h3 g6 4. e3 Bg7 5. Be2 O-O 6. Nf3 Nc6 7. c3 Bf5 8. O-O
Nd5 9. Bh2 e5 10. dxe5 dxe5 11. Nbd2 Nb6 12. e4 Be6 13. Bb5 f6 14. b3 a6 15.
Be2 Rf7 16. Qc2 Rd7 17. Bb5 axb5 18. Rad1 Qe7 19. Nb1 Rad8 20. Rde1 Qc5 21. Qe2
b4 22. Rc1 bxc3 23. Rxc3 Qb4 24. Nh4 Nd4 25. Qe1 Nb5 26. a3 Qd4 27. Rg3 Nd6 28.
Nd2 Nf7 29. Nhf3 Qb2 30. h4 Rxd2 31. Nxd2 Qxd2 32. Qe3 Bh6 33. Qc5 Qd6 34. Rc3
Qxc5 35. Rxc5 c6 36. f4 Nd7 37. Rc3 exf4 38. Bxf4 Bxf4 39. Rxf4 Nfe5 40. Rg3
Kg7 41. b4 h5 42. a4 Nb6 43. a5 Nbc4 44. Rc3 Rd4 45. Rc2 Ng4 46. Rc1 Nce3 47.
b5 cxb5 48. Rf3 Bc4 49. Ra1 Rd2 50. Rg3 b4 51. Re1 b3 0-1

[Event "Jack Woodbury mem."]
[Site "Winnipeg CAN"]
[Date "2018.11.06"]
[Round "1.12"]
[White "Campbell, Jamie"]
[Black "Myrzaibraimova, Aibike"]
[Result "1-0"]
[WhiteElo "2165"]
[BlackElo "1617"]
[PlyCount "85"]
[EventDate "2018.11.06"]
[EventType "swiss"]
[EventRounds "7"]
[EventCountry "CAN"]

1. Nf3 d5 2. c4 e6 3. b3 Nf6 4. Bb2 Be7 5. g3 c6 6. Bg2 b6 7. O-O O-O 8. d3 Bb7
9. Nbd2 Nbd7 10. e4 Re8 11. e5 Ng4 12. h3 Nh6 13. cxd5 cxd5 14. d4 f6 15. Re1
Rc8 16. Nh2 fxe5 17. dxe5 Nc5 18. Ndf3 Nf7 19. Nd4 Ba6 20. b4 Nd3 21. Qb3 Bc4
22. Qc2 Nxe1 23. Rxe1 Bxb4 24. Re3 Qd7 25. a3 Bc5 26. Qd2 Qa4 27. Rf3 Nxe5 28.
Re3 Nf7 29. Rxe6 Rxe6 30. Nxe6 Bxa3 31. Bxa3 Qxa3 32. Qd4 Qc1+ 33. Bf1 Qh6 34.
Qg4 Bxf1 35. Nxf1 Rc4 36. Qf5 Rc6 37. Nd4 Qf6 38. Nxc6 Qxc6 39. Ne3 d4 40. Nd5
Qc4 41. Qe6 Kf8 42. Qe7+ Kg8 43. Qe8# 1-0

[Event "Jack Woodbury mem."]
[Site "Winnipeg CAN"]
[Date "2018.11.06"]
[Round "1.13"]
[White "Trueman, Francis"]
[Black "Atem, James"]
[Result "0-1"]
[WhiteElo "1381"]
[BlackElo "1760"]
[PlyCount "56"]
[EventDate "2018.11.06"]
[EventType "swiss"]
[EventRounds "7"]
[EventCountry "CAN"]

1. Nf3 d5 2. d3 Nf6 3. Nbd2 Nc6 4. g3 e5 5. e4 Bg4 6. Bg2 d4 7. a4 Bb4 8. O-O
Qd7 9. Nc4 Qe6 10. Bd2 Bc5 11. Qe1 h6 12. b4 Bd6 13. b5 Ne7 14. a5 Nd7 15. b6
axb6 16. axb6 O-O 17. bxc7 Bxc7 18. Bb4 Rfc8 19. h4 Nc6 20. Bd2 b5 21. Nb2 Ra7
22. Rb1 Nf6 23. Nh2 Bb6 24. f3 Bh3 25. Bxh3 Qxh3 26. Kh1 Ne7 27. Rg1 Rxc2 28.
Bb4 Qxh2# 0-1

[Event "Jack Woodbury mem."]
[Site "Winnipeg CAN"]
[Date "2018.11.13"]
[Round "2.1"]
[White "Wiebe, Isaac"]
[Black "Abioye, Yemi"]
[Result "1-0"]
[WhiteElo "2303"]
[BlackElo "1886"]
[PlyCount "120"]
[EventDate "2018.11.06"]
[EventType "swiss"]
[EventRounds "7"]
[EventCountry "CAN"]

1. e4 e6 2. d4 d5 3. Nc3 Nf6 4. Bg5 Be7 5. e5 Nfd7 6. h4 O-O 7. Bd3 f5 8. exf6
Nxf6 9. Bxf6 Rxf6 10. Nf3 c5 11. dxc5 Bxc5 12. Rh3 Nc6 13. Qe2 Bb4 14. O-O-O
Bxc3 15. bxc3 Qa5 16. Bxh7+ Kxh7 17. Ng5+ Kg8 18. Qh5 Nd8 19. Qh7+ Kf8 20. Qh8+
Ke7 21. Qxg7+ Nf7 22. Rf3 Rxf3 23. gxf3 Qa4 24. Qxf7+ Kd6 25. Ne4+ Kc6 26. Qe8+
Bd7 27. Qxd7+ Kxd7 28. Nc5+ Kd6 29. Nxa4 Rf8 30. Rh1 Rxf3 31. h5 Rxf2 32. h6
Rf8 33. h7 Rh8 34. Rh6 b6 35. Nb2 Ke5 36. Nd3+ Kf5 37. Rh1 Kg6 38. Kd2 Kf5 39.
Ke3 e5 40. Nb4 Kg6 41. Nxd5 Rxh7 42. Rxh7 Kxh7 43. Ke4 Kg7 44. Kxe5 Kf7 45. a4
Ke8 46. Kd6 Kd8 47. Ne7 a6 48. Nd5 b5 49. a5 Kc8 50. Kc6 Kb8 51. Kb6 b4 52.
cxb4 Ka8 53. Ne3 Kb8 54. Nf1 Ka8 55. Ng3 Kb8 56. Nh1 Ka8 57. c3 Kb8 58. c4 Ka8
59. Ng3 Kb8 60. Ne2 Ka8 1-0

[Event "Jack Woodbury mem."]
[Site "Winnipeg CAN"]
[Date "2018.11.13"]
[Round "2.2"]
[White "Bince, Rolando"]
[Black "Baron, Gustav"]
[Result "0-1"]
[WhiteElo "1846"]
[BlackElo "2254"]
[PlyCount "94"]
[EventDate "2018.11.06"]
[EventType "swiss"]
[EventRounds "7"]
[EventCountry "CAN"]

1. d4 Nf6 2. c4 e6 3. Nf3 b6 4. Nc3 Bb4 5. a3 Bxc3+ 6. bxc3 Ne4 7. Nd2 Bb7 8.
Nxe4 Bxe4 9. f3 Bb7 10. e4 O-O 11. Bd3 d6 12. O-O Nc6 13. f4 e5 14. d5 Na5 15.
f5 f6 16. Rf3 Ba6 17. Rh3 Qe8 18. a4 Bxc4 19. Bxc4 Nxc4 20. Qg4 Rf7 21. Qh5 h6
22. Rg3 Kf8 23. Qe2 Na5 24. c4 Nb7 25. a5 Nxa5 26. Rga3 c5 27. Bd2 Nb7 28. Rxa7
Rxa7 29. Rxa7 Na5 30. Rxf7+ Kxf7 31. Bxa5 bxa5 32. Qb2 Qa4 33. Qb7+ Kg8 34. h3
Qxc4 35. Qa8+ Kh7 36. Qe8 Qc1+ 37. Kh2 Qf4+ 38. Kg1 Qg3 39. h4 Qe1+ 40. Kh2
Qxh4+ 41. Kg1 Qg3 42. Kf1 c4 43. Ke2 Qxg2+ 44. Ke3 Qg3+ 45. Kd2 a4 46. Qxa4
Qd3+ 47. Kc1 Qc3+ 0-1

[Event "Jack Woodbury mem."]
[Site "Winnipeg CAN"]
[Date "2018.11.13"]
[Round "2.4"]
[White "Remillard, John"]
[Black "Boron, Anthony"]
[Result "0-1"]
[WhiteElo "1617"]
[BlackElo "2016"]
[PlyCount "80"]
[EventDate "2018.11.06"]
[EventType "swiss"]
[EventRounds "7"]
[EventCountry "CAN"]

1. g3 d5 2. Bg2 Nf6 3. f4 g6 4. Nf3 Bg7 5. d3 c6 6. c3 Qb6 7. Qb3 Nbd7 8. Qxb6
axb6 9. O-O Nc5 10. Na3 Ng4 11. h3 Nf6 12. Bd2 Na4 13. Rfb1 Nd7 14. Nc2 e5 15.
fxe5 Bxe5 16. Nxe5 Nxe5 17. b3 Nc5 18. d4 Bf5 19. dxe5 Bxc2 20. Rc1 Be4 21. Bh6
Kd7 22. Bxe4 Nxe4 23. Kg2 Ra3 24. c4 Rha8 25. cxd5 cxd5 26. Rc2 Rxb3 27. axb3
Rxa1 28. Be3 Ra6 29. b4 b5 30. Bd4 Rc6 31. Rxc6 bxc6 32. Kf3 Ke6 33. h4 Nd2+
34. Kf4 h5 35. g4 hxg4 36. Kxg4 Nb3 37. e3 Nc1 38. h5 gxh5+ 39. Kxh5 Nd3 40.
Bc3 Nxe5 0-1

[Event "Jack Woodbury mem."]
[Site "Winnipeg CAN"]
[Date "2018.11.13"]
[Round "2.5"]
[White "Green, Jim"]
[Black "Proulx, Roy"]
[Result "0-1"]
[WhiteElo "1907"]
[BlackElo "1616"]
[PlyCount "69"]
[EventDate "2018.11.06"]
[EventType "swiss"]
[EventRounds "7"]
[EventCountry "CAN"]

1. e4 c5 2. Nf3 e6 3. d4 cxd4 4. Nxd4 Nf6 5. Nc3 a6 6. Bd3 Nc6 7. Nxc6 bxc6 8.
O-O d5 9. e5 Nd7 10. Bf4 Nc5 11. Qg4 Nxd3 12. cxd3 Qb6 13. Rab1 Bd7 14. Be3 c5
15. d4 c4 16. b3 Qa5 17. Bd2 cxb3 18. Rxb3 Rc8 19. Rfb1 Qd8 20. Qe2 Rc6 21. Rb8
Bc8 22. g3 Be7 23. Qg4 Kf8 24. Qd1 h6 25. Qa4 Rc4 26. Qb3 Rxd4 27. Qd1 Rc4 28.
Qe2 g6 29. Qd3 Kg7 30. Be3 Qc7 31. Bd4 a5 32. R8b3 Ba6 33. Qd2 Bb4 34. Qe3 Rc8
35. Ne2 0-1

[Event "Jack Woodbury mem."]
[Site "Winnipeg CAN"]
[Date "2018.11.13"]
[Round "2.6"]
[White "Leaden, Bruce"]
[Black "Prince, Colin"]
[Result "0-1"]
[WhiteElo "1519"]
[BlackElo "1878"]
[PlyCount "52"]
[EventDate "2018.11.06"]
[EventType "swiss"]
[EventRounds "7"]
[EventCountry "CAN"]

1. e4 e5 2. Bc4 Nf6 3. Nf3 Nc6 4. Nc3 Bc5 5. O-O d6 6. a3 Bg4 7. Be2 Qd7 8. b4
Bb6 9. Bb2 Nd8 10. d3 Ne6 11. Nd5 Nxd5 12. exd5 Nf4 13. c4 c6 14. Kh1 Qf5 15.
Nh4 Bxe2 16. Nxf5 Bxd1 17. Raxd1 O-O-O 18. dxc6 bxc6 19. Nxd6+ Rxd6 20. Bxe5
Rf6 21. Bxf6 gxf6 22. c5 Bc7 23. Rfe1 Rg8 24. g3 Nd5 25. Kg2 f5 26. Rc1 Nf4+
0-1

[Event "Jack Woodbury mem."]
[Site "Winnipeg CAN"]
[Date "2018.11.13"]
[Round "2.7"]
[White "Myrzaibraimov, Azamat"]
[Black "Furda, Ievgeniia-Diana"]
[Result "0-1"]
[WhiteElo "1440"]
[BlackElo "1554"]
[PlyCount "74"]
[EventDate "2018.11.06"]
[EventType "swiss"]
[EventRounds "7"]
[EventCountry "CAN"]

1. e4 e5 2. Nf3 Nc6 3. Bc4 Nf6 4. Nc3 Nxe4 5. Nxe4 d5 6. Bd3 dxe4 7. Bxe4 Bg4
8. c3 Bd6 9. d3 Qd7 10. h3 Be6 11. Ng5 Bf5 12. Qf3 Bxe4 13. Nxe4 Be7 14. Be3
O-O-O 15. Rd1 h6 16. Qxf7 Rhg8 17. O-O Rdf8 18. Qg6 Bd8 19. Nd2 Ne7 20. Qe4 Nc6
21. b4 Bf6 22. b5 Ne7 23. Rb1 Nd5 24. Rb3 Nxe3 25. Qxe3 Rd8 26. Qxa7 Qxd3 27.
Nf3 e4 28. Rbb1 Qxc3 29. Qa8+ Kd7 30. Rfd1+ Ke7 31. Rxd8 Rxd8 32. Qxb7 exf3 33.
Qe4+ Kf7 34. gxf3 Re8 35. Qg4 Qc2 36. Qd7+ Re7 37. Re1 Rxd7 0-1

[Event "Jack Woodbury mem."]
[Site "Winnipeg CAN"]
[Date "2018.11.13"]
[Round "2.8"]
[White "Piche, Zachary"]
[Black "Flynn, Darren"]
[Result "1/2-1/2"]
[WhiteElo "1550"]
[BlackElo "1326"]
[PlyCount "115"]
[EventDate "2018.11.06"]
[EventType "swiss"]
[EventRounds "7"]
[EventCountry "CAN"]

1. Nf3 Nc6 2. c4 e5 3. d3 Bb4+ 4. Bd2 Bxd2+ 5. Qxd2 d6 6. Nc3 Nf6 7. g3 O-O 8.
Bg2 h6 9. O-O Ne7 10. b4 c6 11. b5 Rb8 12. Rab1 Be6 13. a4 Qa5 14. Qc2 a6 15.
Nd2 axb5 16. axb5 Nd7 17. Nde4 d5 18. cxd5 cxd5 19. Nd2 Rfc8 20. Rb3 d4 21. Nc4
Bxc4 22. dxc4 dxc3 23. Bh3 Rd8 24. Rd1 Nc5 25. Rxd8+ Rxd8 26. Rxc3 Nc8 27. Re3
Qa1+ 28. Kg2 e4 29. f3 Nd6 30. Qd2 Qf6 31. Qd5 b6 32. fxe4 Nxb5 33. Qh5 Nd6 34.
e5 Qe7 35. e6 Nxc4 36. exf7+ Qxf7 37. Qxf7+ Kxf7 38. Rf3+ Kg8 39. Bf5 Rb8 40.
e4 Nd2 41. Re3 b5 42. e5 Kf8 43. e6 Ke7 44. Re2 Nc4 45. Kf3 b4 46. Rc2 Ne5+ 47.
Ke3 Rb5 48. Kd4 b3 49. Rxc5 Rxc5 50. Kxc5 b2 51. Kd5 Nf3 52. h4 Nd2 53. g4 b1=Q
54. Bxb1 Nxb1 55. g5 hxg5 56. hxg5 Nd2 57. Ke5 Nf3+ 58. Kf5 1/2-1/2

[Event "Jack Woodbury mem."]
[Site "Winnipeg CAN"]
[Date "2018.11.13"]
[Round "2.9"]
[White "Ott, Richard"]
[Black "Babb, Jeff"]
[Result "0-1"]
[WhiteElo "1520"]
[BlackElo "2165"]
[PlyCount "46"]
[EventDate "2018.11.06"]
[EventType "swiss"]
[EventRounds "7"]
[EventCountry "CAN"]

1. d4 Nf6 2. c4 c5 3. e3 g6 4. Nf3 Bg7 5. Nc3 cxd4 6. exd4 O-O 7. Be2 d5 8. O-O
Nc6 9. h3 Be6 10. Be3 dxc4 11. Qd2 Qa5 12. Rfd1 Rfd8 13. Ng5 Nxd4 14. Bxd4 Rxd4
15. Qe3 Nd5 16. Nxd5 Qxd5 17. Nxe6 fxe6 18. Rxd4 Bxd4 19. Qf3 Rf8 20. Qxd5 exd5
21. Bf3 Rxf3 22. gxf3 Bxb2 23. Rb1 c3 0-1

[Event "Jack Woodbury mem."]
[Site "Winnipeg CAN"]
[Date "2018.11.13"]
[Round "2.10"]
[White "Pramanik, Projjwal"]
[Black "Gannon, Keith"]
[Result "1-0"]
[WhiteElo "2123"]
[BlackElo "1514"]
[PlyCount "83"]
[EventDate "2018.11.06"]
[EventType "swiss"]
[EventRounds "7"]
[EventCountry "CAN"]

1. Nf3 d5 2. g3 g6 3. Bg2 Bg7 4. d3 Nc6 5. O-O e5 6. Nbd2 Nf6 7. c4 O-O 8. cxd5
Nxd5 9. Ne4 Re8 10. Bg5 f6 11. Bd2 Bf5 12. Qb3 Rb8 13. Nc5 e4 14. dxe4 Bxe4 15.
Nxe4 Rxe4 16. Nh4 Nd4 17. Qd3 Nxe2+ 18. Kh1 Re5 19. f4 Ndxf4 20. Qxd8+ Rxd8 21.
Bxf4 Nxf4 22. gxf4 Rb5 23. b3 f5 24. Rad1 Bd4 25. Nf3 c5 26. Rd3 a5 27. Rfd1
Rb4 28. a3 Rb6 29. Nxd4 cxd4 30. Rxd4 Rxd4 31. Rxd4 Kg7 32. Rd7+ Kh6 33. Bd5 g5
34. fxg5+ Kxg5 35. Rxh7 f4 36. Rxb7 Rxb7 37. Bxb7 Kg4 38. Kg2 Kf5 39. Kf3 Ke5
40. h4 Kd4 41. h5 Kc3 42. Bd5 1-0

[Event "Jack Woodbury mem."]
[Site "Winnipeg CAN"]
[Date "2018.11.13"]
[Round "2.11"]
[White "Crawford, Gary"]
[Black "Klokow, John"]
[Result "1-0"]
[WhiteElo "1495"]
[BlackElo "1748"]
[PlyCount "57"]
[EventDate "2018.11.06"]
[EventType "swiss"]
[EventRounds "7"]
[EventCountry "CAN"]

1. e4 e5 2. Nf3 Nc6 3. c3 Nf6 4. Bd3 Be7 5. O-O O-O 6. Bc2 d5 7. exd5 Nxd5 8.
h3 Nf4 9. d4 Bd6 10. Bxf4 exf4 11. Qd3 g6 12. Nbd2 Bf5 13. Ne4 Re8 14. Rfe1 Bf8
15. Qd2 Bh6 16. h4 Bxe4 17. Bxe4 Qf6 18. Qc2 Re7 19. Re2 Rae8 20. Rae1 Qd6 21.
Kf1 a5 22. Qa4 Kg7 23. Bxc6 bxc6 24. Rxe7 Rxe7 25. Rxe7 Qxe7 26. Qxa5 f6 27.
Qc5 Qd6 28. Qxd6 cxd6 29. a4 1-0

[Event "Jack Woodbury mem."]
[Site "Winnipeg CAN"]
[Date "2018.11.13"]
[Round "2.12"]
[White "Letain, Cory"]
[Black "Magyar, Peter"]
[Result "1/2-1/2"]
[WhiteElo "1691"]
[BlackElo "1480"]
[PlyCount "144"]
[EventDate "2018.11.06"]
[EventType "swiss"]
[EventRounds "7"]
[EventCountry "CAN"]

1. e4 e6 2. d4 d5 3. exd5 exd5 4. Nf3 Bg4 5. c4 Bb4+ 6. Nc3 Nf6 7. Bg5 O-O 8.
Be2 dxc4 9. Bxc4 Qe8+ 10. Be3 Ne4 11. O-O Nxc3 12. bxc3 Bxc3 13. Rb1 Qc6 14.
Bb5 Qg6 15. Bd3 Bxf3 16. Qxf3 Qxd3 17. Rxb7 Nd7 18. Rxc7 Nf6 19. Rd1 Qc2 20.
Rc1 Qxa2 21. R1xc3 Nd5 22. Rc2 Qa5 23. Bd2 Qa1+ 24. Rc1 Qxd4 25. Be3 Nxe3 26.
fxe3 Qb6 27. Rxf7 Rae8 28. Rxf8+ Rxf8 29. Qd5+ Kh8 30. Qc5 Qf6 31. e4 a5 32. e5
Qf5 33. e6 Qxc5+ 34. Rxc5 h6 35. Rxa5 Re8 36. Ra6 g6 37. Kf2 Re7 38. Kf3 Kg7
39. Ke4 Kf6 40. Kd5 h5 41. h4 Kf5 42. Rd6 Kf6 43. Ke4 Rc7 44. e7+ Kxe7 45. Rxg6
Rc4+ 46. Kf5 Rxh4 47. Kg5 Rh2 48. Kf4 h4 49. Kf3 h3 50. g4 Rh1 51. Kg3 Kf7 52.
Rh6 Kg7 53. Ra6 h2 54. Ra4 Kg6 55. Kg2 Rd1 56. Kxh2 Rd3 57. Ra5 Rc3 58. Rf5 Rb3
59. Kg2 Re3 60. Rf3 Re4 61. Kg3 Re5 62. Kh4 Rg5 63. Rf8 Re5 64. Rg8+ Kf7 65.
Ra8 Kg6 66. Ra6+ Kg7 67. g5 Re1 68. Ra4 Rh1+ 69. Kg4 Rg1+ 70. Kf5 Rf1+ 71. Ke6
Kg6 72. Rg4 Rf5 1/2-1/2